Normal view MARC view
  • Afghan War, 2001-

Entry Topical Term

Number of records used in: 2

001 - CONTROL NUMBER

  • control field: 22597

003 - CONTROL NUMBER IDENTIFIER

  • control field: NUST

005 - DATE AND TIME OF LATEST TRANSACTION

  • control field: 20191003111351.0

008 - FIXED-LENGTH DATA ELEMENTS

  • fixed length control field: 191003|| aca||aabn | a|a d

040 ## - CATALOGING SOURCE

  • Original cataloging agency: NUST
  • Transcribing agency: NUST

150 ## - HEADING--TOPICAL TERM

  • Topical term or geographic name entry element: Afghan War, 2001-
  • General subdivision: Veterans
  • Form subdivision: Fiction.

670 ## - SOURCE DATA FOUND

  • Source citation: Work cat.: (NUST)0: Galbraith, Robert. 22547, The Cuckoo's Calling /
© 2023 Central Library, National University of Sciences and Technology. All Rights Reserved.